000 00264nam a2200109Ia 4500
008 200302s9999 xx 000 0 und d
100 _aAnna Kasabian
245 _aThe New Home Color Book
260 _bRockport Publishers Inc.,
260 _c2001
300 _a128 P.,
999 _c2086
_d2086